000
00481nam a2200169Ia 4500
008
090711s9999 xx 000 0 und d
082
_b
26610
100
_a
कालेलकर मधुसूदन
245
_a
अमgतवेल
260
_c
1972
300
_a
87
600
_a
कालेलकर मधुसूदन
630
_a
अमgतवेल
700
_a
कालेलकर मधुसूदन
730
_a
अमgतवेल
942
_c
BOOK
999
_c
305889
_d
305889